000 00735cam a2200253 a 4500
005 20260322212046.0
008 data
010 _a 88032084
020 _a0553053507
020 _a9780553053500
040 _aDLC
_cDLC
_dDLC
043 _an-us---
050 0 0 _aBL73.J36
_bA3 1989
082 0 0 _a291.4
_219
100 1 _aJampolsky, Gerald G.,
_d1925-
245 1 0 _aOut of darkness into the light :
_ba journey of inner healing /
_cGerald G. Jampolsky.
260 _aNew York :
_bBantam Books,
_c1989.
300 _a266 p. :
_bill. ;
_c22 cm.
600 1 0 _aJampolsky, Gerald G.,
_d1925-
650 0 _aSpiritual biography
_zUnited States.
650 0 _aPhysicians
_zUnited States
_xBiography.
650 0 _aSpiritual life.
001 data
999 _c1093
_d1093